Bundesliga Player To Club #2 - Statistics

General Stats
  • This quiz has been taken 34 times
  • The average score is 12 of 20
Answer Stats
Verein Spieler % Correct
Marco Reus Borussia Dortmund
90%
Leroy Sané FC Bayern Munich
90%
Jonas Hofmann Borussia Mönchengladbach
80%
Amadou Haïdara RB Leipzig
70%
Jonathan Tah Bayer 04 Leverkusen
67%
Julian Brandt Borussia Dortmund
67%
Lukas Klostermann RB Leipzig
67%
Wataru Endo VfB Stuttgart
67%
Konstantinos Mavropanos VfB Stuttgart
63%
Maximilian Arnold VfL Wolfsburg
63%
Matthias Ginter SC Freiburg
60%
Niclas Füllkrug SV Werder Bremen
57%
Takuma Asano VfL Bochum
57%
Philipp Max Eintracht Frankfurt
53%
Ihlas Bebou TSG 1899 Hoffenheim
53%
Marvin Schwäbe 1. FC Köln
50%
Ermedin Demirovic FC Augsburg
50%
Jae-Sung Lee FSV Mainz 05
50%
Janik Haberer 1. FC Union Berlin
47%
Leandro Barreiro FSV Mainz 05
43%
No matching quizzes found
Score Distribution
Percent of People with Each Score
Percentile by Number Answered
Your Score History
You have not taken this quiz